000 00679nam a2200193Ia 4500
008 140529s9999 xx 000 0 und d
020 _a9781890627706
050 _aRJ 506.A9
_b.W43 2011
100 _aWeiss, Mary Jane.
245 _aJumpstarting communication skills in children with autism :
_ba parents guide to applied verbal behavior /
_cby Mary Jane Weiss, Valbona Demiri
260 _aBehesda, Md. :
_bWoodbine House,
_cc2011.
300 _a208 p. :
_bill. ;
_c22 cm.
440 _a(Topics in autism).
500 _aIncludes bibliographical references and index.
521 _aSPED
650 _aParents of autistic children.
942 _kFOR
_cBK
999 _c117746
_d117746